000 00946nam a2200265 a 4500
001 000041962
003 DO-SdBNP
005 20260527074042.0
008 110323s 2001 dr 000 0dspa d
040 _aDO-SdBNP
_bspa
_cBNPHU
082 _aBNPHU PD 320.97293054
_bG324b
100 1 _aGenao, Altagracia
_953688
245 1 0 _aBuscando a Bosch /
_cAltagracia Genao, Tony del Villar.
260 _aSanto Domingo :
_bGráfica Marie,
_c2001.
300 _a74 p. ;
_c21 cm.
500 _aIncluye datos biográficos de la autora en la solapa de la cubierta.
590 _aInventariado, 2018/LP
600 1 0 _a Bosch, Juan,
_d1909-2001
_976555
650 4 _aPartido de la liberación dominicana
_xHistoria
_949045
650 1 0 _aPartidos políticos
_zRepública Dominicana
_9285
651 1 4 _aRepública Dominicana
_xPolítica y gobierno
_y1961-
_9204
700 1 _aVillar, Tony del
_953689
910 _aValidado. Control de calidad MFF
942 _2ddc
_cLBS1
999 _c41451
_d41451